|
|
|
|
| LEADER |
01470nam a2200385 a 4500 |
| 001 |
nkc20122433576 |
| 003 |
CZ PrNK |
| 005 |
20130204111707.0 |
| 007 |
ta |
| 008 |
130108s2012 xr a e p 000 0 cze |
| 015 |
|
|
|a cnb002433576
|
| 020 |
|
|
|a 978-80-7372-844-1
|q (brož.)
|
| 035 |
|
|
|a (OCoLC)827262924
|
| 040 |
|
|
|a BOA001
|b cze
|d ABA001
|
| 072 |
|
7 |
|a 677
|x Textilní průmysl
|2 Konspekt
|9 19
|
| 072 |
|
7 |
|a 37.016
|x Učební osnovy. Vyučovací předměty. Učebnice
|2 Konspekt
|9 22
|
| 080 |
|
|
|a 677.1/.5
|2 MRF
|
| 080 |
|
|
|a (075.8)
|2 MRF
|
| 100 |
1 |
|
|a Militký, Jiří,
|d 1949-
|7 jo20010094292
|4 aut
|
| 245 |
1 |
0 |
|a Textilní vlákna :
|b klasická a speciální /
|c Jiří Militký
|
| 246 |
3 |
|
|a Textilní vlákna klasická a speciální
|
| 260 |
|
|
|a V Liberci :
|b Technická univerzita,
|c c2012
|
| 300 |
|
|
|a 374 s. :
|b il. (převážně barev.) ;
|c 30 cm
|
| 500 |
|
|
|a Na obálce nad názvem: Technická univerzita v Liberci, Fakulta textilní
|
| 504 |
|
|
|a Obsahuje bibliografické odkazy
|
| 650 |
0 |
7 |
|a textilní vlákna
|7 ph126625
|2 czenas
|
| 650 |
0 |
9 |
|a textile fibres
|2 eczenas
|
| 655 |
|
7 |
|a učebnice vysokých škol
|7 fd133772
|2 czenas
|
| 655 |
|
9 |
|a textbooks (higher)
|2 eczenas
|
| 710 |
2 |
|
|a Technická univerzita v Liberci.
|b Textilní fakulta
|7 kn20010709342
|
| 910 |
2 |
|
|a BOA001
|b 4-1297.255
|
| 990 |
|
|
|a BK
|
| 995 |
|
|
|a 01
|
| 991 |
|
|
|b 201301
|c NOV
|e n
|
| 996 |
6 |
|
|b 2610531811
|c 4-1297.255
|l MZK
|r Sklad / do 1 hodiny
|n 14
|p p.v.
|w 001306632
|u 000010
|a 1
|e BOA001
|j MZK50
|s P
|